[Event "Vietnam National Masters Women 2012"]
[Site "Ho Chi Minh City VIE"]
[Date "2012.12.03"]
[Round "7.7"]
[White "Doan,Thi Hong Nhung"]
[Black "Huynh,T"]
[Result "0-1"]
[WhiteElo "1849"]
[BlackElo "1859"]
[WhiteFideId "12403547"]
[BlackFideId "12403482"]
[EventDate "2012.11.29"]

1. d4 g6 2. c4 Bg7 3. Nc3 b6 4. e4 Bb7 5. Be3 e6 6. Bd3 d6 7. Nge2 Ne7 8. O-O
O-O 9. Rc1 a6 10. b4 Nd7 11. Qb3 Rb8 12. Bb1 c5 13. Rfd1 Qc7 14. a3 Rfc8 15. Na4
Ba8 16. Qd3 Rd8 17. f3 h6 18. Rd2 b5 19. Nb2 Qb7 20. cxb5 axb5 21. Bf4 e5 22.
dxe5 dxe5 23. Be3 c4 24. Qc3 Nf8 25. Rcd1 Qc7 26. Bc5 Ne6 27. Bd6 Qa7+ 28. Kh1
Rbc8 29. Bxe5 Rxd2 30. Rxd2 Bxe5 31. Qxe5 c3 32. Rc2 cxb2 33. Rxc8+ Nxc8 34.
Qxb2 Qf2 35. h3 Nf4 0-1

[Event "Vietnam National Masters Women 2012"]
[Site "Ho Chi Minh City VIE"]
[Date "2012.12.03"]
[Round "7.9"]
[White "Doan,T"]
[Black "Nguyen,Thi Minh Thu"]
[Result "1-0"]
[WhiteElo "1991"]
[BlackElo "1645"]
[WhiteFideId "12400491"]
[BlackFideId "12406929"]
[EventDate "2012.11.29"]

1. d4 f5 2. e4 d6 3. Nc3 Nf6 4. Bd3 fxe4 5. Nxe4 Nbd7 6. Bg5 d5 7. Nxf6+ Nxf6 8.
Bxf6 exf6 9. Qh5+ Ke7 10. O-O-O Be6 11. Re1 Kd6 12. Ne2 Qd7 13. Qf3 b6 14. Nc3
a6 15. Re3 g6 16. Qxf6 Bh6 17. f4 Bg7 18. Rxe6+ Qxe6 19. Qxg7 Rhg8 20. Qe5+ Kd7
21. Nxd5 Qxe5 22. fxe5 Rgf8 23. Nf6+ Ke7 24. Nxh7 Rg8 25. Nf6 Rg7 26. Rf1 Rd8
27. c3 a5 28. Bc4 c6 29. Ng8+ Kd7 30. e6+ Kd6 31. e7 Re8 32. Rf6+ Kd7 33. Be6+
Kc7 34. Bf7 Kd7 35. Bxe8+ Kxe8 36. Rf8+ Kd7 37. e8=Q+ Kc7 38. Qd8+ Kb7 39. Qc8+
Ka7 40. Qa8# 1-0

[Event "Vietnam National Masters Women 2012"]
[Site "Ho Chi Minh City VIE"]
[Date "2012.12.04"]
[Round "8.1"]
[White "Le Thanh Tu"]
[Black "Ngo Thi Kim Tuyen"]
[Result "1-0"]
[WhiteTitle "WGM"]
[WhiteElo "2327"]
[BlackElo "2078"]
[WhiteFideId "12401005"]
[BlackFideId "12400505"]
[EventDate "2012.11.29"]

1. d4 Nf6 2. c4 e6 3. g3 d5 4. Nf3 c6 5. Bg2 Be7 6. O-O O-O 7. Nbd2 Nbd7 8. Qc2
b6 9. e4 dxe4 10. Nxe4 Nxe4 11. Qxe4 Bb7 12. Rd1 Nf6 13. Qe2 Qc8 14. Bf4 Re8 15.
Bh3 Bd8 16. Ne5 Bc7 17. Bg5 Nd7 18. Bg2 f6 19. Nxd7 Qxd7 20. Be3 Qf7 21. Qc2
Rac8 22. Rd2 Bb8 23. Rad1 Red8 24. Qb3 e5 25. dxe5 Rxd2 26. Rxd2 Bxe5 27. Qd1
Re8 28. Rd7 Re7 29. Rxb7 Rxb7 30. Bxc6 Re7 31. Bd5 Re6 32. c5 Qd7 33. Qb3 Kf7
34. cxb6 axb6 35. Bxb6 Ke7 36. Bxe6 Qxe6 37. Qxe6+ Kxe6 38. b4 Kd5 39. a4 Bd6
40. b5 1-0

[Event "Vietnam National Masters Women 2012"]
[Site "Ho Chi Minh City VIE"]
[Date "2012.12.04"]
[Round "8.2"]
[White "Pham Bich Ngoc"]
[Black "Hoang Thi Bao Tram"]
[Result "1/2-1/2"]
[WhiteTitle "WIM"]
[BlackTitle "WGM"]
[WhiteElo "2181"]
[BlackElo "2317"]
[WhiteFideId "12401285"]
[BlackFideId "12401102"]
[EventDate "2012.11.29"]

1. d4 d5 2. Nf3 Nf6 3. c4 c6 4. cxd5 cxd5 5. Nc3 Nc6 6. Bf4 Bf5 7. a3 e6 8. e3
Bd6 9. Bxd6 Qxd6 10. Bd3 Bxd3 11. Qxd3 O-O 12. O-O Rac8 13. Rac1 Ne7 14. Ne2
Rxc1 15. Rxc1 Rc8 16. Rxc8+ Nxc8 17. h3 Qc7 18. Qc3 Qxc3 19. Nxc3 Nd6 1/2-1/2

[Event "Vietnam National Masters Women 2012"]
[Site "Ho Chi Minh City VIE"]
[Date "2012.12.04"]
[Round "8.3"]
[White "Pham Thi Thu Hien"]
[Black "Le Kieu Thien Kim"]
[Result "1-0"]
[BlackTitle "WIM"]
[WhiteElo "2105"]
[BlackElo "2261"]
[WhiteFideId "12402575"]
[BlackFideId "12400572"]
[EventDate "2012.11.29"]

1. e4 Nf6 2. e5 Nd5 3. d4 d6 4. Nf3 Bg4 5. Be2 e6 6. O-O Be7 7. c4 Nb6 8. exd6
cxd6 9. Nc3 O-O 10. b3 d5 11. c5 N6d7 12. Bf4 a6 13. b4 Nc6 14. Rb1 Bf6 15. Be3
Qe7 16. a4 a5 17. b5 Nb4 18. Rc1 Rfd8 19. Bf4 Bxf3 20. Bxf3 Bg5 21. Bd6 Qf6 22.
Rb1 Bf4 23. Bxf4 Qxf4 24. Re1 Nf8 25. g3 Qf6 26. Bg2 Ng6 27. f4 h5 28. Qd2 h4
29. Rbd1 hxg3 30. hxg3 Ne7 31. Re3 Nf5 32. Rf3 Qg6 33. Kf2 Nh6 34. Bh3 Kh7 35.
Rh1 f5 36. Re3 Kg8 37. Qe2 Kf7 38. Re1 Re8 39. b6 Re7 40. Nb5 Rh8 41. Nd6+ Kg8
42. Kg2 Ng4 43. Rxe6 Nc2 44. Rxe7 Rxh3 45. Re8+ Kh7 46. Rh8+ Kxh8 47. Qe8+ Kh7
48. Qxg6+ Kxg6 49. Re6+ Kh5 50. Kxh3 Nxd4 51. Re7 g5 52. Kg2 Nb3 53. c6 1-0

[Event "Vietnam National Masters Women 2012"]
[Site "Ho Chi Minh City VIE"]
[Date "2012.12.04"]
[Round "8.4"]
[White "Bui Kim Le"]
[Black "Nguyen Thi Hanh"]
[Result "1-0"]
[WhiteTitle "WIM"]
[WhiteElo "2098"]
[BlackElo "1884"]
[WhiteFideId "12400874"]
[BlackFideId "12401200"]
[EventDate "2012.11.29"]

1. e4 e5 2. Nc3 Nf6 3. g3 Bc5 4. Bg2 O-O 5. Nge2 Nc6 6. O-O d6 7. Na4 Bb6 8.
Nxb6 axb6 9. d4 Bg4 10. f3 Bh5 11. d5 Ne7 12. Be3 Nd7 13. g4 Bg6 14. c4 h6 15.
a4 Qb8 16. b4 c6 17. Qd2 Rd8 18. Ng3 Qc7 19. Rfc1 Kf8 20. h4 Ng8 21. Kf2 f6 22.
Bf1 c5 23. b5 Kf7 24. Bh3 Nf8 25. Ra3 Ra7 26. Rca1 Rda8 27. R1a2 Qd8 28. Qe1 Bh7
29. f4 exf4 30. Bxf4 Ng6 31. Qe3 Nxh4 32. Nf5 Nxf5 33. exf5 Qd7 34. Qe6+ Qxe6
35. dxe6+ Ke7 36. Rd3 Rxa4 37. Bxd6+ Ke8 38. Rxa4 Rxa4 39. Bc7 Ra8 40. Bg2 Ne7
41. Bxb7 Ra2+ 42. Kf3 Nxf5 43. gxf5 Bxf5 44. Re3 Ke7 45. Bxb6 Bg6 46. Bxc5+ Kd8
47. Bb6+ 1-0

[Event "Vietnam National Masters Women 2012"]
[Site "Ho Chi Minh City VIE"]
[Date "2012.12.04"]
[Round "8.5"]
[White "Nguyen Thi Thanh An"]
[Black "Huynh,T"]
[Result "1-0"]
[WhiteTitle "WGM"]
[WhiteElo "2318"]
[BlackElo "1859"]
[WhiteFideId "12400300"]
[BlackFideId "12403482"]
[EventDate "2012.11.29"]

1. d4 g6 2. c4 Bg7 3. Nc3 b6 4. e4 d6 5. Be3 Bb7 6. Bd3 e6 7. Nge2 Nd7 8. O-O
Ne7 9. Rb1 Rb8 10. b4 a6 11. Qd2 O-O 12. Bh6 c5 13. bxc5 dxc5 14. d5 exd5 15.
exd5 Ne5 16. Bf4 Nc8 17. Ne4 Re8 18. N2g3 Qe7 19. Rfe1 Qf8 20. Bf1 h6 21. Bxh6
f5 22. Bxg7 Qxg7 23. Ng5 Nd6 24. Qf4 Bc8 25. Re3 Bd7 26. Rbe1 Ng4 27. R3e2 Nf7
28. h3 Nge5 29. Nxf7 Nxf7 30. Re7 Rbd8 31. Qc7 Qf6 32. Rxe8+ Rxe8 33. Rb1 f4 34.
Qxd7 1-0

[Event "Vietnam National Masters Women 2012"]
[Site "Ho Chi Minh City VIE"]
[Date "2012.12.04"]
[Round "8.6"]
[White "Nguyen,Thi Thu Huyen"]
[Black "Tran,Thi Kim Cuong"]
[Result "1-0"]
[WhiteElo "2082"]
[BlackElo "1855"]
[WhiteFideId "12404365"]
[BlackFideId "12407291"]
[EventDate "2012.11.29"]

1. d4 d5 2. c4 Nf6 3. Nc3 c6 4. Nf3 e6 5. cxd5 exd5 6. Qc2 g6 7. Bg5 Bg7 8. e3
O-O 9. Bd3 b6 10. O-O Bb7 11. Ne5 c5 12. f4 c4 13. Be2 Qe8 14. Bf3 Qe6 15. b3
cxb3 16. Qxb3 Ne4 17. Bxe4 dxe4 18. Qxe6 fxe6 19. Nb5 Bxe5 20. fxe5 Na6 21. Nd6
Bd5 22. Bh6 Rf5 23. Nxf5 gxf5 24. g4 Nb4 25. gxf5 Nc2 26. Rac1 Nb4 27. f6 Kf7
28. Rc7+ 1-0

[Event "Vietnam National Masters Women 2012"]
[Site "Ho Chi Minh City VIE"]
[Date "2012.12.04"]
[Round "8.7"]
[White "Doan,T"]
[Black "Le Thi Ha"]
[Result "1/2-1/2"]
[WhiteElo "1991"]
[BlackElo "1944"]
[WhiteFideId "12400491"]
[BlackFideId "12401994"]
[EventDate "2012.11.29"]

1. d4 Nf6 2. c4 e6 3. Nf3 b6 4. Bf4 Bb7 5. e3 Bb4+ 6. Nc3 Bxc3+ 7. bxc3 O-O 8.
Bd3 d6 9. O-O Nbd7 10. h3 h6 11. Re1 Qe7 1/2-1/2

[Event "Vietnam National Masters Women 2012"]
[Site "Ho Chi Minh City VIE"]
[Date "2012.12.04"]
[Round "8.8"]
[White "Ton,N"]
[Black "Tran,Thi Mong Thu"]
[Result "0-1"]
[WhiteTitle "WF"]
[WhiteElo "2011"]
[BlackElo "1847"]
[WhiteFideId "12401803"]
[BlackFideId "12403415"]
[EventDate "2012.11.29"]

1. d4 d5 2. c4 e6 3. Nc3 Nf6 4. Bg5 Be7 5. cxd5 exd5 6. Qc2 c6 7. e3 Be6 8. Bd3
Nbd7 9. Nge2 Nf8 10. h3 Rc8 11. f4 Bd7 12. Ng3 a6 13. Rc1 b5 14. O-O Qb6 15. Nf5
Bxf5 16. Bxf5 Rd8 17. Ne2 Rd6 18. Ng3 g6 19. Bd3 h6 20. Bh4 Re6 21. f5 gxf5 22.
Nxf5 Kd7 23. Nxe7 Kxe7 24. Bxf6+ Rxf6 25. Rxf6 Kxf6 26. Qf2+ Kg7 27. Rf1 Qc7 28.
Qf6+ Kg8 29. h4 Ne6 30. Rf3 Ng7 31. Rf4 h5 32. Rf3 Ne8 33. Qg5+ Kf8 34. e4 dxe4
35. Bxe4 Qd6 36. d5 cxd5 37. Bxd5 Rh7 38. Kh1 Qc7 39. b4 Nd6 40. Qe5 Qd8 41. Qd4
Qe7 42. Re3 Qd8 43. Rf3 Rg7 44. Kg1 Kg8 45. Qf6 Qd7 46. Rd3 Ne8 47. Qf3 Qe7 48.
Re3 Qa7 49. Kf1 Nf6 50. Bb3 Rg6 51. Bc2 Ng4 52. Re8+ Kg7 53. Ke2 Rf6 54. Qe4
Qf2+ 55. Kd3 Rd6+ 56. Kc3 Nf6 57. Qe2 Qd4+ 58. Kb3 Nxe8 59. Qxe8 Re6 0-1

[Event "Vietnam National Masters Women 2012"]
[Site "Ho Chi Minh City VIE"]
[Date "2012.12.04"]
[Round "8.10"]
[White "Nguyen,Thi Minh Thu"]
[Black "Nguyen,Thi Thuy Trien"]
[Result "0-1"]
[BlackTitle "WF"]
[WhiteElo "1645"]
[BlackElo "1963"]
[WhiteFideId "12406929"]
[BlackFideId "12404179"]
[EventDate "2012.11.29"]

1. e4 e6 2. Nf3 d5 3. exd5 exd5 4. d4 Bd6 5. Bd3 Bg4 6. O-O h6 7. c3 c6 8. h3
Be6 9. Re1 Ne7 10. Qc2 Nd7 11. Ne5 Qc7 12. Bf4 Nf6 13. Nd2 O-O-O 14. Ndf3 g5 15.
Bd2 g4 16. hxg4 Nxg4 17. b4 Rdg8 18. c4 dxc4 19. Bxc4 Nd5 20. Rab1 Nxe5 21. dxe5
Be7 22. Nd4 Rg4 23. Bxd5 Bxd5 24. Qf5+ Qd7 25. e6 Rxg2+ 26. Kf1 fxe6 27. Nxe6
Rhg8 28. Rbc1 Bh4 29. Be3 Bxe6 30. Qf4 Qd3+ 31. Re2 Rg1# 0-1

[Event "Vietnam National Masters Women 2012"]
[Site "Ho Chi Minh City VIE"]
[Date "2012.12.05"]
[Round "9.1"]
[White "Bui Kim Le"]
[Black "Le Thanh Tu"]
[Result "1/2-1/2"]
[WhiteTitle "WIM"]
[BlackTitle "WGM"]
[WhiteElo "2098"]
[BlackElo "2327"]
[WhiteFideId "12400874"]
[BlackFideId "12401005"]
[EventDate "2012.11.29"]

1. e4 e6 2. d4 d5 3. exd5 exd5 4. Bd3 Nf6 5. h3 c5 6. dxc5 Bxc5 7. Nf3 O-O 8.
O-O Nc6 9. c3 Qd6 10. Nbd2 Bxh3 11. Kh1 Bd7 12. b4 Bb6 13. Nc4 Qc7 14. Nxb6 Qxb6
15. Qc2 h6 16. Be3 Qc7 17. b5 Na5 18. Bd4 Ng4 19. a4 Nc4 20. Rfe1 Rfe8 21. Bh7+
Kh8 22. g3 a6 23. Bf5 axb5 24. axb5 Rxa1 25. Rxa1 Nd6 26. Bxd7 Qxd7 27. b6 Nf5
28. Kg2 Nxd4 29. Nxd4 Ne5 30. Ra7 Nc4 31. Qf5 Qxf5 32. Nxf5 Rb8 33. Kf3 Kh7 34.
Ke2 g6 35. Ne3 Nxb6 36. Kd3 Nc8 37. Ra5 Ne7 38. Rb5 Kg7 39. Kd4 h5 40. Nxd5 Nxd5
41. Rxd5 Kf6 42. Rd6+ Ke7 43. Rb6 Rd8+ 44. Ke5 Rd7 45. c4 Rc7 46. Kd5 Rd7+ 47.
Ke5 Rc7 48. Kd5 Rd7+ 49. Ke4 1/2-1/2

[Event "Vietnam National Masters Women 2012"]
[Site "Ho Chi Minh City VIE"]
[Date "2012.12.05"]
[Round "9.2"]
[White "Hoang Thi Bao Tram"]
[Black "Nguyen Thi Thanh An"]
[Result "1-0"]
[WhiteTitle "WGM"]
[BlackTitle "WGM"]
[WhiteElo "2317"]
[BlackElo "2318"]
[WhiteFideId "12401102"]
[BlackFideId "12400300"]
[EventDate "2012.11.29"]

1. d4 Nf6 2. Nf3 g6 3. Bf4 Bg7 4. e3 O-O 5. Be2 d6 6. c3 Nc6 7. Nbd2 Qe8 8. e4
Bg4 9. Be3 Nd7 10. d5 Nd8 11. h3 Bxf3 12. Nxf3 e6 13. Qc2 Nb6 14. Rd1 Kh8 15.
O-O f5 16. dxe6 fxe4 17. Qxe4 Qxe6 18. Qh4 Nf7 19. Rfe1 Qf6 20. Ng5 Nxg5 21.
Bxg5 Qf7 22. Bd3 Rae8 23. Be7 Rg8 24. Re3 Be5 25. Bg5 Rgf8 26. Rde1 Nd5 27. Bc4
c6 28. Bxd5 cxd5 29. f4 d4 30. Re4 Bg7 31. cxd4 Rxe4 32. Rxe4 d5 33. Re7 Bxd4+
34. Kh2 Qg8 35. f5 Bxb2 36. f6 Rf7 37. Qe1 Bxf6 38. Bxf6+ 1-0

[Event "Vietnam National Masters Women 2012"]
[Site "Ho Chi Minh City VIE"]
[Date "2012.12.05"]
[Round "9.3"]
[White "Le Kieu Thien Kim"]
[Black "Pham Bich Ngoc"]
[Result "0-1"]
[WhiteTitle "WIM"]
[BlackTitle "WIM"]
[WhiteElo "2261"]
[BlackElo "2181"]
[WhiteFideId "12400572"]
[BlackFideId "12401285"]
[EventDate "2012.11.29"]

1. d4 Nf6 2. Nf3 d6 3. e3 g6 4. Be2 Bg7 5. O-O O-O 6. c4 Nbd7 7. Nc3 Re8 8. e4
e5 9. d5 Nc5 10. Qc2 a5 11. Be3 b6 12. Ne1 h6 13. h3 Kh8 14. a3 Bd7 15. Rd1 Kg8
16. b4 axb4 17. axb4 Na4 18. Bd3 Nxc3 19. Qxc3 Qc8 20. Rc1 Ra4 21. Bc2 Ra2 22.
Kh2 Qa6 23. Bd3 Ra8 24. Nc2 Ne8 25. Ra1 Qb7 26. Rxa2 Rxa2 27. Qd2 Kh7 28. f4 c5
29. bxc5 bxc5 30. fxe5 Bxe5+ 31. Bf4 Qb2 32. Kh1 Nf6 33. Bxe5 Qxe5 34. Qf4 Qxf4
35. Rxf4 Kg7 36. Kh2 Be8 37. Ne1 Nd7 38. Bf1 Ne5 39. Nf3 f6 40. Nxe5 fxe5 41.
Rf3 Ba4 42. Kg3 Bc2 43. Re3 Kf6 44. Be2 Rb2 45. Bf3 Bb3 46. Rc3 Ba2 47. h4 h5
48. Rc1 Ke7 49. Kh3 Kf6 50. Rf1 Kg7 51. Rc1 Bb3 52. Rc3 Ba2 53. g4 hxg4+ 54.
Kxg4 Rb4 55. Be2 Rb2 56. Bf3 Kh6 57. Rc1 Rb4 58. Be2 Bb1 59. Rf1 Bxe4 60. Rf6
Bf5+ 61. Kg3 Rb6 62. Rf8 Kg7 63. Rd8 Kf7 64. h5 gxh5 65. Bxh5+ Ke7 66. Re8+ Kd7
67. Ra8 Bd3 68. Be8+ Ke7 69. Bb5 Rb7 70. Re8+ Kf7 71. Re6 Rb6 72. Kg4 e4 73. Kg5
Kg7 74. Re7+ Kf8 75. Kf6 Rb8 76. Bd7 0-1

[Event "Vietnam National Masters Women 2012"]
[Site "Ho Chi Minh City VIE"]
[Date "2012.12.05"]
[Round "9.4"]
[White "Nguyen Thi Hanh"]
[Black "Pham Thi Thu Hien"]
[Result "0-1"]
[WhiteElo "1884"]
[BlackElo "2105"]
[WhiteFideId "12401200"]
[BlackFideId "12402575"]
[EventDate "2012.11.29"]

1. e4 e5 2. Nf3 Nc6 3. Bc4 Bc5 4. c3 Nf6 5. d3 d6 6. O-O O-O 7. b4 Bb6 8. a4 a6
9. Bg5 h6 10. Bh4 Be6 11. Nbd2 Qe7 12. Qb3 a5 13. b5 Nb8 14. d4 Bg4 15. Rfe1
Nbd7 16. Qc2 Rfe8 17. Qd3 Bh5 18. Ba2 Qf8 19. Nc4 g5 20. Bg3 Rad8 21. Nfd2 Bg6
22. Nxb6 Nxb6 23. Qf3 Qg7 24. Bb3 Nh5 25. Qe3 Kh7 26. Rad1 exd4 27. Qxd4 Nd7 28.
f3 Nxg3 29. hxg3 Nc5 30. Bc2 Ne6 31. Qxg7+ Kxg7 32. Nc4 b6 33. Ne3 Nc5 34. Nd5
Rd7 35. Kf2 f6 36. Rd4 Bf7 37. Ne3 Bb3 38. Nf5+ Kg6 39. Bd1 h5 40. Bxb3 Nxb3 41.
Rc4 Re5 42. Rd1 Rc5 43. Rxc5 Nxc5 44. Rd4 Kf7 45. Ne3 Ke8 46. Nd5 Rf7 47. f4 Kd8
48. Ke3 Kc8 49. Kf3 Nb3 50. Rd1 Nc5 51. Rd4 Kd7 52. Ke3 Rf8 53. Kf3 Kd8 54. g4
h4 55. Ne3 Ne6 56. Rd1 Nxf4 57. Nf5 Ng6 58. g3 Ne5+ 59. Kg2 Nxg4 60. gxh4 gxh4
61. Rd2 Rh8 62. Kh3 Ne5 63. Nxd6 cxd6 64. Rxd6+ Nd7 65. c4 Ke7 66. Rc6 Rh5 67.
Rc8 Rc5 68. Rh8 Rxc4 69. Rxh4 Rxa4 70. Kg3 Rb4 71. Rh7+ Ke6 0-1

[Event "Vietnam National Masters Women 2012"]
[Site "Ho Chi Minh City VIE"]
[Date "2012.12.05"]
[Round "9.5"]
[White "Ngo Thi Kim Tuyen"]
[Black "Nguyen,Thi Thu Huyen"]
[Result "1/2-1/2"]
[WhiteElo "2078"]
[BlackElo "2082"]
[WhiteFideId "12400505"]
[BlackFideId "12404365"]
[EventDate "2012.11.29"]

1. d4 d5 2. Nf3 Nf6 3. c4 c6 4. Nc3 e6 5. Bg5 dxc4 6. a4 Bb4 7. Qc2 Qa5 8. Bxf6
gxf6 9. Nd2 b5 10. g3 Bb7 11. Bg2 a6 12. O-O Qb6 13. e3 Nd7 14. b3 cxb3 15. Nxb3
f5 16. e4 c5 17. Na2 fxe4 18. Bxe4 Rc8 19. Bxb7 Qxb7 20. Nxb4 cxb4 21. Qb2 Qd5
22. axb5 axb5 23. Nd2 O-O 24. Qxb4 Nb8 25. Qb2 Nc6 26. Nb3 Rfd8 27. Rad1 Ra8 28.
Rfe1 Ra4 29. Qb1 Rb4 30. Rd3 Na5 31. Re5 Rxb3 32. Rxb3 Qxb3 33. Qc1 Rd5 34. Re4
Nc4 35. Rg4+ Kf8 36. Qh6+ Ke7 37. Rg8 Qb1+ 38. Kg2 Qe4+ 39. Kg1 Rxd4 40. Qf8+
Kf6 41. Qg7+ Ke7 42. Qf8+ Kf6 43. Qg7+ Ke7 44. Qf8+ Kf6 1/2-1/2

[Event "Vietnam National Masters Women 2012"]
[Site "Ho Chi Minh City VIE"]
[Date "2012.12.05"]
[Round "9.6"]
[White "Le Thi Ha"]
[Black "Doan,Thi Hong Nhung"]
[Result "1/2-1/2"]
[WhiteElo "1944"]
[BlackElo "1849"]
[WhiteFideId "12401994"]
[BlackFideId "12403547"]
[EventDate "2012.11.29"]

1. d4 d5 2. Nf3 Nf6 3. e3 e6 4. Bd3 Bd6 5. O-O O-O 6. b3 Nbd7 7. Bb2 c5 8. Nbd2
b6 9. Ne5 Bb7 10. f4 Rc8 11. c3 Qe7 12. g4 Ne4 13. Bxe4 dxe4 14. Nxd7 Qxd7 15.
Nc4 Bb8 16. dxc5 Qxd1 17. Raxd1 bxc5 18. Nd6 Bxd6 19. Rxd6 c4 20. Rfd1 Bd5 21.
b4 Rfd8 22. Rxd8+ Rxd8 23. a4 a6 24. Ba3 Rb8 25. Kf2 h6 26. h4 f6 27. f5 Kf7 28.
Kg3 g6 29. fxe6+ Kxe6 30. Ra1 Bc6 31. b5 axb5 32. a5 Rd8 33. a6 Rd3 34. Bb4
Rxe3+ 35. Kf2 Rd3 36. a7 Rd8 37. Bc5 Rg8 38. Bb6 Rc8 39. Ke3 Ba8 40. Rb1 Bc6 41.
Rf1 Ba8 42. Bd4 Rf8 43. g5 hxg5 44. hxg5 f5 45. Kf4 Kd5 46. Rd1 Kc6 47. Be5 Rg8
48. Rd6+ Kb7 49. Bd4 Kc7 50. Be5 Kb7 51. Rd7+ Kc6 52. Rf7 Kd5 53. Rd7+ Kc6 54.
Rd6+ Kb7 55. Bd4 Kc7 56. Rf6 Kb7 57. Rb6+ Kc7 58. Rxb5 Rc8 59. Rb6 Rg8 60. Rf6
Kb7 61. Rb6+ Kc7 62. Rb4 Bd5 63. Ke5 Bf7 64. Kf6 Bd5 65. Ke7 Ra8 66. Kf6 Rg8 67.
Be5+ Kd7 68. Rb6 Bc6 69. Kf7 Bd5+ 70. Kf6 Bc6 71. Bb8 Ba8 72. Kf7 Bd5+ 73. Kf6
Ba8 74. Rd6+ Kc8 75. Re6 f4 76. Re7 f3 77. Bg3 Rf8+ 78. Kxg6 f2 79. Bxf2 Rxf2
80. Re8+ Kb7 81. Rxe4 Kxa7 82. Rxc4 Bd5 83. Rd4 Bf7+ 84. Kg7 Bh5 85. Rh4 Be8 86.
Rb4 Ka6 87. Rb8 Bb5 88. g6 Bd3 89. Rd8 Bc2 90. Rd6+ Kb5 91. Rf6 Rxf6 92. Kxf6
Bxg6 93. Kxg6 Kc4 1/2-1/2

[Event "Vietnam National Masters Women 2012"]
[Site "Ho Chi Minh City VIE"]
[Date "2012.12.05"]
[Round "9.7"]
[White "Tran Le Dan Thuy"]
[Black "Tran,Thi Mong Thu"]
[Result "1-0"]
[WhiteElo "1884"]
[BlackElo "1847"]
[WhiteFideId "12403407"]
[BlackFideId "12403415"]
[EventDate "2012.11.29"]

1. d4 d5 2. c4 e6 3. Nc3 Nf6 4. Bg5 Be7 5. Nf3 O-O 6. e3 c6 7. Bd3 Nbd7 8. O-O
dxc4 9. Bxc4 b5 10. Bd3 Bb7 11. Rc1 a6 12. Ne4 Nxe4 13. Bxe7 Qxe7 14. Bxe4 Nf6
15. Bxc6 Bxc6 16. Rxc6 Rac8 17. Rxa6 1-0

[Event "Vietnam National Masters Women 2012"]
[Site "Ho Chi Minh City VIE"]
[Date "2012.12.05"]
[Round "9.8"]
[White "Nguyen,Thi Thuy Trien"]
[Black "Doan,T"]
[Result "1/2-1/2"]
[WhiteTitle "WF"]
[WhiteElo "1963"]
[BlackElo "1991"]
[WhiteFideId "12404179"]
[BlackFideId "12400491"]
[EventDate "2012.11.29"]

1. d4 d5 2. Nf3 Nf6 3. Bf4 c5 4. e3 Qb6 5. Qc1 Nc6 6. c3 Bg4 7. Be2 e6 8. O-O
Be7 9. h3 Bf5 10. dxc5 Bxc5 11. Nbd2 O-O 12. Nh4 Bg6 13. Nxg6 hxg6 14. Nf3 a5
15. Bd3 Rac8 16. Re1 Rfd8 17. Rb1 Bd6 18. e4 e5 19. exd5 exf4 20. dxc6 Bc5 21.
cxb7 Bxf2+ 22. Kh1 Qxb7 23. Rd1 Be3 24. Qc2 Nh5 25. Kh2 Ng3 26. b3 Qe7 27. Bc4
g5 28. Nd4 Qf6 29. Ne2 Rxd1 30. Rxd1 Nxe2 31. Qxe2 Qxc3 32. Qg4 Rf8 33. Qxg5 f3
34. Qf5 fxg2 35. Kxg2 Bd4 36. Qd3 Qxd3 37. Rxd3 Rd8 38. Kf3 Kf8 39. Ke4 1/2-1/2

[Event "Vietnam National Masters Women 2012"]
[Site "Ho Chi Minh City VIE"]
[Date "2012.12.05"]
[Round "9.9"]
[White "Tran,Thi Kim Cuong"]
[Black "Nguyen,Thi Minh Thu"]
[Result "1-0"]
[WhiteElo "1855"]
[BlackElo "1645"]
[WhiteFideId "12407291"]
[BlackFideId "12406929"]
[EventDate "2012.11.29"]

1. d4 Nf6 2. c4 e6 3. Nf3 d5 4. e3 c5 5. Nc3 dxc4 6. Bxc4 cxd4 7. exd4 Be7 8.
Ne5 O-O 9. Be3 Nbd7 10. Qf3 Nb6 11. Bd3 Nbd5 12. O-O Bd6 13. Bg5 Be7 14. Rad1 h6
15. Bh4 a6 16. Bb1 Bd7 17. Bxf6 Bxf6 18. Nxd5 exd5 19. Qxd5 Bc6 20. Qc5 Rc8 21.
Nxc6 Rxc6 22. Qf5 g6 23. Qf4 Rd6 24. d5 Bxb2 25. Be4 Bg7 26. Rb1 b5 27. Rbc1 Qf6
28. Qg4 Rfd8 29. Rc6 Qe5 30. Bf3 Qd4 31. Rxd6 Rxd6 32. Qc8+ Kh7 33. Qc7 Qf6 34.
h3 Kg8 35. Re1 Qd8 36. Qc2 Bf6 37. g3 Kg7 38. Kg2 a5 39. Qe4 b4 40. Rc1 Bc3 41.
h4 Qf6 42. Qc4 Qd4 43. Qc7 Qb6 1-0

[Event "XVIII Navalmoral Open"]
[Site "Navalmoral de la Mata ESP"]
[Date "2012.12.07"]
[Round "5.8"]
[White "Rodriguez Garcia,M"]
[Black "Epishin,V"]
[Result "0-1"]
[BlackTitle "GM"]
[WhiteElo "2144"]
[BlackElo "2575"]
[WhiteFideId "2218178"]
[BlackFideId "4162714"]
[EventDate "2012.12.05"]

1. d4 b6 2. e4 Bb7 3. Nc3 e6 4. Be3 Bb4 5. f3 d5 6. Bb5+ Nd7 7. exd5 exd5 8. Ne2
Ne7 9. a3 Bd6 10. Bf4 Bxf4 11. Nxf4 O-O 12. Qd2 Nf6 13. Nce2 c5 14. c3 Qc7 15.
Bd3 a5 16. O-O a4 17. h4 Nc6 18. Rad1 Na5 19. Qe1 Rfe8 20. Qf2 cxd4 21. Qxd4 Nb3
22. Qf2 Re5 23. Nd4 Nc5 24. Bb5 g6 25. Qg3 Ba6 26. Rde1 Rxe1 27. Rxe1 Bxb5 28.
Nxb5 Qd7 29. Qg5 Kg7 30. Nd4 h6 31. Qg3 Re8 32. Qf2 Kf8 33. Qd2 h5 34. Kf1 Rxe1+
35. Qxe1 Qd6 36. Qe3 Ncd7 37. Nd3 Qh2 38. Qf4 Qxf4 39. Nxf4 Ne5 40. Ke2 Ke7 41.
b3 axb3 42. Nxb3 Nc4 43. a4 Kd6 44. Nd3 Ne5 45. Nd2 Nxd3 46. Kxd3 0-1

[Event "XVIII Navalmoral Open"]
[Site "Navalmoral de la Mata ESP"]
[Date "2012.12.08"]
[Round "7.3"]
[White "Narciso Dublan,M"]
[Black "Nikolov,Mo"]
[Result "0-1"]
[WhiteTitle "GM"]
[BlackTitle "GM"]
[WhiteElo "2551"]
[BlackElo "2542"]
[WhiteFideId "2201500"]
[BlackFideId "2905710"]
[EventDate "2012.12.05"]

1. d4 Nf6 2. c4 e6 3. Nc3 Bb4 4. e3 O-O 5. Ne2 d5 6. a3 Be7 7. Nf4 c6 8. Be2
Nbd7 9. O-O dxc4 10. Bxc4 e5 11. Nfe2 exd4 12. exd4 Nb6 13. Bb3 Nbd5 14. Re1 Be6
15. Bg5 Re8 16. Ng3 h6 17. Bxf6 Bxf6 18. Nh5 Nc7 19. Nxf6+ Qxf6 20. Ne4 Qe7 21.
h3 Bxb3 22. Qxb3 Nd5 23. Qg3 b6 24. Kf1 Qd7 25. Nd6 Rxe1+ 26. Rxe1 Rd8 27. Ne4
Kf8 28. Nd2 Qf5 29. Rc1 Nf4 30. Nb3 Qb5+ 0-1